Sports Quiz

Random Sports or State Quiz

NC State Basketball Honored Jerseys Quiz Stats

 Plays Quiz not verified by Sporcle

Score 0/27 Timer 12:00
0 Plays Today
Number and Years Player % Correct
44 1973-1975David Thompson
94.4%
Head Coach 1980-1990Jim Valvano
93.1%
35 1980-1983Sidney Lowe
83.8%
24 2002-2005Julius Hodge
77.5%
Head Coach 1966-1980Norm Sloan
77.5%
43 1982-1985Lorenzo Charles
75.6%
25 1980-1983Dereck Whittenburg
75%
13 1988-1991Chris Corchiani
73.8%
Head Coach 1946-1964Everett Case
73.1%
21 1988-1991Rodney Monroe
71.3%
41 1979-1983Thurl Bailey
70%
24 1972-1974Tommy Burleson
69.4%
25 1973-1975Monte Towe
60%
24 1989-1992Tom Gugliotta
52.5%
Number and Years Player % Correct
83 1954-1956Ronnie Shavlik
48.1%
14 1985-1988Vinny Del Negro
44.4%
52 1992-1996Todd Fuller
41.3%
10 1985-1986Nate McMillan
31.3%
PA AnnouncerC.A. Dillon
29.4%
32 1974-1977Kenny Carr
28.8%
70 1947-1950Dick Dickey
21.9%
78 1957-1959Lou Pucillo
20%
14 1968-1970Vann Williford
18.8%
77 1948-1951Sam Ranzino
15.6%
24 1957-1959John Richter
15%
73 1954-1956Vic Molodet
11.9%
80 1951-1953Bobby Speight
10.6%

You're not logged in!

Compare scores with friends on all Sporcle quizzes.
OR
Log In

Show Comments

Extras

Top Quizzes Today


Score Distribution

Your Account Isn't Verified!

In order to create a playlist on Sporcle, you need to verify the email address you used during registration. Go to your Sporcle Settings to finish the process.

Report this User

Report this user for behavior that violates our Community Guidelines.

Details: